000 01272cam a22003131i 4500
003 SA-RiAUC
005 20250325130948.0
008 250315s1971 ku g 000 0 ara c
040 _aJO-AmWISE
_bara
_cSA-RiAUC
_erda
041 1 _aara
_hund
082 _a220.9
082 0 4 _a220.9
_qSA-RiAUC
090 _a220.9
_b د ر ا
100 1 _aدراز، محمد عبد الله،
_d1894-1958
_eمؤلف.
245 1 0 _aمدخل إلى القرآن الكريم :
_bعرض تاريخي وتحليل مقارن /
_cمحمد عبد الله دراز ؛ مراجعة السيد محمد بدوي ؛ ترجمة محمد عبد العظيم علي.
250 _aالطبعة الأولى.
264 1 _aالكويت :
_bدار القرآن الكريم،
_c1971
300 _a192 صفحة ؛
_c24 سم
336 _aنص
_btxt
_2rdacontent
_3كتاب
337 _aبدون وسيط
_bn
_2rdamedia
338 _aمجلد
_bnc
_2rdacarrier
630 2 7 _aالقرآن
_xتاريخ
_2aucut
630 2 7 _aالقرآن
_xعلوم
_2aucut
700 1 _aبدوي، السيد محمد،
_dولد 1916
_eمراجع.
700 1 _aعلي، محمد عبد العظيم
_eمترجم.
730 2 2 _aالقرآن
942 _2ddc
_cBOOK
_n0
949 _aSA-JeALM
_d250315
_umohamedma123
_n1
999 _c6625
_d6625